Statistics for Biggest Cities in ...

Click here to take the quiz!

General Stats

  • This quiz has been taken 88 times
  • The average score is 16 of 21

Answer Stats

Biggest in...Biggest City% Correct
Nordic CountriesStockholm
99%
TexasHouston
95%
CaliforniaLos Angeles
95%
Former Soviet UnionMoscow
94%
CanadaToronto
94%
North AmericaMexico City
92%
OceaniaSydney
90%
South AmericaSao Paulo
88%
European UnionLondon
88%
Baltic StatesRiga
82%
Former YugoslaviaBelgrade
81%
Sub-Saharan AfricaLagos
74%
Arabic speakingCairo
69%
Touching Baltic seaSaint Petersburg
64%
An Island countryTokyo
58%
Touching Cas pian seaBaku
55%
SiberiaNovosibirsk
54%
Touching Mediterranean seaAlexandria
54%
Touching Red seaJeddah
53%
French speakingKinshasa
47%
Central AmericaTegucigalpa
41%

Score Distribution

Percentile by Number Answered

Percent of People with Each Score

Your Score History

You have not taken this quiz